| 000 | 01547nam a2200265 i 4500 | ||
|---|---|---|---|
| 001 | 000030370 | ||
| 003 | DO-SdBNP | ||
| 005 | 20250630121913.0 | ||
| 007 | ta | ||
| 008 | 110511s199? dr 000 0 spa d | ||
| 040 |
_aDO-SdBNP _bspa _cBNPHU _erda |
||
| 082 |
_bG861e _222 |
||
| 100 | 1 |
_aGrimaldi Silié, Eleanor, _d1948- _eautor _985713 |
|
| 245 | 1 | 3 |
_aLa era de Trujillo / _cEleanor Grimaldi Silie. |
| 264 |
_aSanto Domingo : _bCODETEL , _bEl Siglo, _cfecha no identificada |
||
| 300 |
_a32 páginas ; _c28 cm. |
||
| 336 |
_ardacontent _btexto _2txt |
||
| 337 |
_ardamedia _bsin mediación _2n |
||
| 338 |
_brdacarrier _0volumen _2nc |
||
| 505 | _aRafael Leonidas Trujillo Molina 4|Rasgos de su personalidad 5|Antecedentes que prepararon el camino a la presidencia 6|Papel desempeñado durante la ocupación de 1916 8|Plan de evacuación-salida de las tropas norteamericanas 9|Traición a Horacio Vásquez 11|Inicios de su gobierno 14|Continúa la Represión 15|Medidas económicas al inicio del gobierno 16|Dominicanización fronteriza 17|Elección de un nuevo gobernante 18|Tratado Trujillo-Hull 19|La República Dominicana después de la Segunda Guerra Mundial 19|La oposición desde el exilio 20|Los años 50|Consecuencias de la invasión de 1959 23|Crisis final de La Era 24|Estilo personal del régimen 28|Notas sobre la educación y la cultura durante el gobierno de Trujillo 30 | ||
| 590 | _aInventariado, 2024/DG | ||
| 651 | 0 |
_aRepública Dominicana _xHistoria _yEra de Trujillo, 1930-1961 _978796 |
|
| 910 | _aDG | ||
| 942 |
_2ddc _cLF2 |
||
| 999 |
_c29862 _d29862 |
||